The Cucumber Thief / (Record no. 200020)

MARC details
000 -LEADER
fixed length control field 00604nam a22002177a 4500
005 - DATE AND TIME OF LATEST TRANSACTION
control field 20240108121702.0
010 ## - LCCN (DPL NO)
LC control number ENG-138826
020 ## - INTERNATIONAL STANDARD BOOK NUMBER
Terms of availability 199.00
International Standard Book Number 9789355361103
035 ## - SYSTEM CONTROL NUMBER
System control number EN-122358
037 ## - SOURCE OF ACQUISITION
Source of stock number/acquisition DBAD/PUB
082 ## - DEWEY DECIMAL CLASSIFICATION NUMBER
Classification number S
Edition number FIRST
100 ## - MAIN ENTRY--PERSONAL NAME
Personal name Geyi, Goken
245 ## - TITLE STATEMENT
Title The Cucumber Thief /
250 ## - EDITION STATEMENT
Edition statement 1
260 ## - PUBLICATION, DISTRIBUTION, ETC. (IMPRINT)
Place of publication, distribution, etc Jaipur (Rajasthan)
Name of publisher, distributor, etc Bodhi Prakashan
270 ## - ADDRESS
City Jaipur
Address C-46, Sudarshanpura Industrial Area Ext. 22 Godam
Postal code 302006
300 ## - PHYSICAL DESCRIPTION
Extent 99p.
Dimensions 22 cm(pbk)
700 ## - ADDED ENTRY--PERSONAL NAME
Personal name Kejriwal, Mona
9 (RLIN) 60728
710 ## - ADDED ENTRY--CORPORATE NAME
Corporate name or jurisdiction name as entry element Roma Chatterjee
Relator term Editor
9 (RLIN) 59600
942 ## - ADDED ENTRY ELEMENTS (KOHA)
Source of classification or shelving scheme Dewey Decimal Classification
Item type English Books
Classification part s
Call number suffix GEY
Holdings
Withdrawn status Lost status Not for loan Collection code Home library Current library Date acquired Source of acquisition Cost, normal purchase price Full call number Barcode Copy number Cost, replacement price Koha item type
      Non-fiction Sarojini Nagar Sarojini Nagar 08/01/2024 DBAD/PUB 199.00 s GEY EN-122358 1 199.00 English Books

© Delhi Public Library
Hit Counter
free hit counter